NBA Top 5 NBA Blocks 1974-1999 - Statistics

General Stats
  • This quiz has been taken 80 times
    12 since last reset
  • The average score is 95 of 131
Answer Stats
Year Team Player % Correct
1999: 4 Hawks Dikembe Mutombo
100%
1998: 2 Hawks Dikembe Mutombo
100%
1997: 2 Hawks Dikembe Mutombo
100%
1996: 1 Nuggets Dikembe Mutombo
100%
1995: 1 Nuggets Dikembe Mutombo
100%
1994: 1 Nuggets Dikembe Mutombo
100%
1993: 3 Nuggets Dikembe Mutombo
100%
1992: 5 Nuggets Dikembe Mutombo
100%
1996: 4 Rockets Hakeem Olajuwon
100%
1995: 2 Rockets Hakeem Olajuwon
100%
1994: 2 Rockets Hakeem Olajuwon
100%
1993: 1 Rockets Hakeem Olajuwon
100%
1992: 2 Rockets Hakeem Olajuwon
100%
1991: 1 Rockets Hakeem Olajuwon
100%
1990: 1 Rockets Hakeem Olajuwon
100%
1989: 4 Rockets Hakeem Olajuwon
100%
1988: 4 Rockets Hakeem Olajuwon
100%
1987: 3 Rockets Hakeem Olajuwon
100%
1986: 3 Rockets Hakeem Olajuwon
100%
1985: 2 Rockets Hakeem Olajuwon
100%
1999: 1 Heat Alonzo Mourning
90%
1997: 4 Heat Alonzo Mourning
90%
1996: 5 Heat Alonzo Mourning
90%
1995: 5 Hornets Alonzo Mourning
90%
1994: 4 Hornets Alonzo Mourning
90%
1993: 4 Hornets Alonzo Mourning
90%
1998: 5 Spurs David Robinson
90%
1996: 3 Spurs David Robinson
90%
1995: 4 Spurs David Robinson
90%
1994: 3 Spurs David Robinson
90%
1993: 5 Spurs David Robinson
90%
1992: 1 Spurs David Robinson
90%
1991: 2 Spurs David Robinson
90%
1990: 3 Spurs David Robinson
90%
1982: 3 Lakers Kareem Abdul-Jabbar
90%
1981: 3 Lakers Kareem Abdul-Jabbar
90%
1980: 1 Lakers Kareem Abdul-Jabbar
90%
1979: 1 Lakers Kareem Abdul-Jabbar
90%
1978: 2 Lakers Kareem Abdul-Jabbar
90%
1977: 2 Lakers Kareem Abdul-Jabbar
90%
1976: 1 Lakers Kareem Abdul-Jabbar
90%
1975: 1 Bucks Kareem Abdul-Jabbar
90%
1974: 2 Bucks Kareem Abdul-Jabbar
90%
1991: 4 76ers Manute Bol
90%
1990: 4 Warriors Manute Bol
90%
1989: 1 Warriors Manute Bol
90%
1988: 5 Bullets Manute Bol
90%
1987: 2 Bullets Manute Bol
90%
1986: 1 Bullets Manute Bol
90%
1989: 2 Jazz Mark Eaton
90%
1988: 1 Jazz Mark Eaton
90%
1987: 1 Jazz Mark Eaton
90%
1986: 2 Jazz Mark Eaton
90%
1985: 1 Jazz Mark Eaton
90%
1984: 1 Jazz Mark Eaton
90%
1983: 3 Jazz Mark Eaton
90%
1982: 5 Celtics Robert Parish
90%
1981: 4 Celtics Robert Parish
90%
1979: 4 Celtics Robert Parish
90%
1997: 3 Lakers Shaquille O'Neal
90%
1993: 2 Magic Shaquille O'Neal
90%
1984: 5 Spurs Artis Gilmore
80%
1983: 5 Spurs Artis Gilmore
80%
1982: 4 Bulls Artis Gilmore
80%
1981: 5 Bulls Artis Gilmore
80%
1977: 4 Bulls Artis Gilmore
80%
1983: 2 Clippers Bill Walton
80%
1978: 4 Trail Blazers Bill Walton
80%
1977: 1 Trail Blazers Bill Walton
80%
1980: 5 Bullets Elvin Hayes
80%
1977: 3 Bullets Elvin Hayes
80%
1976: 3 Bullets Elvin Hayes
80%
1975: 4 Bullets Elvin Hayes
80%
1974: 5 Bullets Elvin Hayes
80%
1983: 5 Celtics Kevin McHale
80%
1984: 3 Rockets Ralph Sampson
80%
1999: 2 Mavericks Shawn Bradley
80%
1998: 3 Mavericks Shawn Bradley
80%
1997: 1 Nets/Mavericks Shawn Bradley
80%
1996: 2 76ers/Nets Shawn Bradley
80%
1995: 3 76ers Shawn Bradley
80%
1994: 5 76ers Shawn Bradley
80%
1975: 5 Pistons Bob Lanier
70%
1974: 4 Pistons Bob Lanier
70%
1977: 5 76ers Caldwell Jones
70%
1975: 3 Bulls Nate Thurmond
70%
1992: 4 Knicks Patrick Ewing
70%
1991: 3 Knicks Patrick Ewing
70%
1990: 2 Knicks Patrick Ewing
70%
1989: 3 Knicks Patrick Ewing
70%
1988: 3 Knicks Patrick Ewing
70%
1974: 3 Braves Bob McAdoo
60%
1992: 3 Cavaliers Larry Nance
60%
1989: 5 Cavaliers Larry Nance
60%
1984: 4 Suns Larry Nance
60%
1983: 4 Suns Larry Nance
60%
1985: 5 Hawks Tree Rollins
60%
1984: 2 Hawks Tree Rollins
60%
1983: 1 Hawks Tree Rollins
60%
1982: 2 Hawks Tree Rollins
60%
1981: 2 Hawks Tree Rollins
60%
1980: 3 Hawks Tree Rollins
60%
1979: 3 Hawks Tree Rollins
60%
1978: 3 Hawks Tree Rollins
60%
1976: 2 Bucks Elmore Smith
50%
1975: 2 Lakers Elmore Smith
50%
1974: 1 Lakers Elmore Smith
50%
1999: 3 76ers Theo Ratliff
50%
1998: 4 Pistons/76ers Theo Ratliff
50%
1999: 5 Jazz Greg Ostertag
40%
1998: 1 Raptors Marcus Camby
40%
1991: 5 Nets Chris Dudley
30%
1997: 5 Nuggets Ervin Johnson
30%
1982: 1 Spurs George Johnson
30%
1981: 1 Spurs George Johnson
30%
1980: 2 Nets George Johnson
30%
1979: 2 Nets George Johnson
30%
1978: 1 Nets George Johnson
30%
1976: 5 Warriors George Johnson
30%
1990: 5 Clippers Benoit Benjamin
20%
1988: 2 Clippers Benoit Benjamin
20%
1987: 4 Clippers Benoit Benjamin
20%
1986: 5 Clippers Benoit Benjamin
20%
1978: 5 Spurs Billy Paultz
20%
1985: 3 Trail Blazers Sam Bowie
20%
1986: 4 Nuggets Wayne Cooper
20%
1985: 4 Nuggets Wayne Cooper
20%
1987: 5 SuperSonics Alton Lister
10%
1980: 4 Pistons Terry Tyler
10%
1979: 5 Pistons Terry Tyler
10%
1976: 4 76ers Harvey Catchings
0%
No matching quizzes found
Score Distribution
Percent of People with Each Score
Percentile by Number Answered
Your Score History
You have not taken this quiz since the last reset